000 00705nam a22001817a 4500
020 _qHard Cover.
082 _a621.3
100 _aAnjum, Mahnoor ; Muhammad Bin Asmir ; Muhammad Usman Javed
245 _aDesign and implementation of a predictive object tracking system through LoRa WAN /
_cMahnoor Anjum ; Muhammad Bin Asmir ; Muhammad Usman Javed
260 _aIslamabad :
_bSEECS - NUST,
_c2019.
300 _a163 p. : ill. ;
_c30cm.
563 _aHB
650 _aElectrical Engineering-Project Report.
_930780
700 _aSyed Ali Hassan.
_930866
856 _uhttp://10.250.8.41:8080/xmlui/handle/123456789/29675
942 _2ddc
_cPR
999 _c535924
_d535924